Kontaminovaná ropa môže vyvolať reťazovú reakciu

Enregistré dans:
Détails bibliographiques
Auteur principal: Kopcsayová, Iris
Autres auteurs: Baláž, Peter
Format: Chapitre de livre
Langue:slovaque
Tags: Ajouter un tag
Pas de tags, Soyez le premier à ajouter un tag!

MARC

LEADER 00000naa a2200000 4500
001 0253639
005 20240502074048.6
041 0 |a slo 
044 |a SK 
245 1 0 |a Kontaminovaná ropa môže vyvolať reťazovú reakciu  |c Iris Kopcsayová, Peter Baláž 
100 1 |a Kopcsayová, Iris 
700 1 |a Baláž, Peter